000 01073cas a2200325 a 4500
001 data
005 20260322212119.0
008 data
010 _asf 91035005
_zsn 88014182
016 7 _a010483314
_2DE-101
016 7 _a54968-X
_2DE-600
029 1 _aNZ1
_b4392876
035 _a(OCoLC)13589620
037 _bWorld Scientific Publishing Co. Pte. Ltd., 242 Cherry St., Philadelphia, PA, 19106-1906
040 _aNDD
_beng
_cNDD
_dOCLCQ
_dNSD
_dDLC
_dOCLCQ
_dGBVCP
_dOCLCQ
_dCAI
_dOCLCO
_dOCLCF
_dDEBSZ
_dOCLCQ
042 _apcc
050 0 0 _aCLASSED SEPARATELY
245 0 0 _aSeries in computer science.
260 _aSingapore :
_bWorld Scientific Pub.,
_c©1985-
300 _avolumes :
_billustrations ;
_c24 cm
336 _atext
_btxt
_2rdacontent
337 _aunmediated
_bn
_2rdamedia
338 _avolume
_bnc
_2rdacarrier
362 0 _aVol. 1-
500 _aImprint varies.
650 0 _aComputer science.
650 7 _aComputer science.
_2fast
_0(OCoLC)fst00872451
906 _a7
_bcbc
_cserials
_du
_encip
_f19
_gn-oclcserc
999 _c1819
_d1819